Friends family members Quiz Stats

 Plays Quiz not verified by Sporcle

Score 0/24 Timer 06:00
0 Plays Today
% Correct
Judy
97.8%
Jack
97.8%
Nora
76.1%
Frank
76.1%
Leonard
73.9%
Sandra
69.6%
Mary-Angela
67.4%
Phoebe
67.4%
Frank Jr.
65.2%
Lily
63%
Charles
60.9%
Joseph
60.9%
% Correct
Dina
60.9%
Cookie
54.3%
Ursula
54.3%
Gina
52.2%
Mary-Therese
47.8%
Gloria
45.7%
Tina
45.7%
Althea
41.3%
Veronica
37%
Jill and Amy
26.1%
Ida
17.4%
Frances
10.9%

You're not logged in!

Compare scores with friends on all Sporcle quizzes.
OR
Log In

Show Comments

Extras

Created Feb 21, 2012ReportNominate
Tags:family

Top Quizzes Today


Score Distribution

Your Account Isn't Verified!

In order to create a playlist on Sporcle, you need to verify the email address you used during registration. Go to your Sporcle Settings to finish the process.

Report this User

Report this user for behavior that violates our Community Guidelines.

Details: